La dama del giglio : romanzo /

Gardado en:
Detalles Bibliográficos
Autor Principal: Bradley, Marion Zimmer (Author)
Outros autores: Togliani, Maddalena
Formato: Libro
Idioma:Lingua italiana
Publicado: Milano : Longanesi, \1998!
Series:La gaja scienza ; 555
Tags: Engadir etiqueta
Sen Etiquetas, Sexa o primeiro en etiquetar este rexistro!

MARC

LEADER 00000nam a2200000 i 4500
001 IT\ICCU\TO0\0628136
003 ItRI
005 20260115231905.0
008 980518s1998 it |||||| ||||| |||||c
015 |2 IT  |a 98-10688 
020 |a 8830414786 
040 |b ita  |c importazione bologna sebina 
041 7 |a ita  |2 ISO-639-2 
082 |a 813.54  |9 Letteratura americana in inglese. Narrativa. 1945-  |2 20 
100 1 |a Bradley, Marion Zimmer  |0 IT\ICCU\CFIV\039273  |4 aut 
240 1 0 |a Lady of the trillium.  |3 IT\ICCU\TO0\0628137  |9 Bradley, Marion Zimmer 
245 1 3 |a La dama del giglio :  |b romanzo /  |c di Marion Zimmer Bradley ; traduzione di Maddalena Togliani. 
260 |a Milano :  |b Longanesi,  |c \1998! 
300 |a 333 p. ;  |c 21 cm. 
700 1 |a Togliani, Maddalena  |0 IT\ICCU\UBOV\332585 
790 1 |a Bradley, M. Zimmer  |3 IT\ICCU\CFIV\372184  |z Bradley, Marion Zimmer 
790 1 |a Togliani Fessart, Maddalena  |3 IT\ICCU\SBNV\083093  |z Togliani, Maddalena 
790 1 |a Zimmer Bradley, Marion  |3 IT\ICCU\CFIV\085142  |z Bradley, Marion Zimmer 
830 3 |a La gaja scienza ;  |v 555  |0 IT\ICCU\CFI\0000487 
942 |2 ddc  |c BK  |n 0 
952 |0 0  |1 0  |4 0  |6 DOC_813_540000000000000_ZIM  |7 0  |9 15490  |a BO  |b BO  |d 2026-01-15  |i 19970  |l 0  |o DOC 813.54 ZIM  |p BO19970  |r 2026-01-15 23:19:05  |w 2026-01-15  |x [Sebina 5] [1 v.]  |y BK  |z 1 v. 
999 |c 13335  |d 13335